01034nam a2200265 a 450000100060000000300080000600500170001400800410003103500210007204000320009304100110012508200280013610000360016424500650020026000420026530000190030735000120032650000920033850400410043065100520047170000710052394200120059499900170060695201450062361084BD-RjUL20211209080923.0170115s1971 ru a b 001 0 eng d a(BD-RjUL) 61208  aDLCcDLCdDLCdBD-RjULbeng1 aengger00a944.081223 bMAO 1971 1 aMarx, Karl,d1818-1883.917446110aOn the Paris Commune /c[by] Karl Marx and Frederick Engels. aMoscow :bProgress Publishers, c1971 a357 p.c21 cm. a0.97rub a"This collection includes all the major works by Marx and Engels on the Paris Commune." aIncludes bibliographical references. 0aParis (France)xHistoryyCommune, 1871.918229412aEngels, Friedrich,d1820-1895.tSelections. English. 1971.9182295 2ddccBK c61084d61084 00102ddc40718NFICaRUCLbRUCLcReadingd1977-05-04eHeffer and sonsg1.00l0o944.081 MAO 1971r2017-01-15 00:00:00tC-1w2017-01-15yBK